=LDR 00000nam 2200000 4500 =001 INLIS000000000025405 =005 20130612123922 =008 ***********************************Ind** =035 ##$$0010-061300000025405 =041 ##$$a Ind =082 ##$$a 741.3 =090 ##$$a 741.3, Sar h =100 ##$$a Sarbini =245 ##$$a Hati yang tulus, Sarbini =260 ##$$a 2003 $b Bandung =300 ##$$a 164 hlm, ilus, 17 cm =650 ##$$a Komik remaja =850 ##$$a NBPNMAT